Progressive Madras State, (Record no. 74248)

MARC details
000 -LEADER
fixed length control field 00715cam a22002411 4500
001 - CONTROL NUMBER
control field sa 67004075
003 - CONTROL NUMBER IDENTIFIER
control field DLC
005 - DATE AND TIME OF LATEST TRANSACTION
control field 20260227112343.0
008 - FIXED-LENGTH DATA ELEMENTS--GENERAL INFORMATION
fixed length control field 821022s1967 ii ab s000 0 eng
010 ## - LIBRARY OF CONGRESS CONTROL NUMBER
LC control number sa 67004075
025 ## - OVERSEAS ACQUISITION NUMBER
Overseas acquisition number PL480:I-E8164
035 ## - SYSTEM CONTROL NUMBER
System control number (OCoLC)8882643
040 ## - CATALOGING SOURCE
Original cataloging agency DLC
Transcribing agency NcD
Modifying agency NcD
-- DLC
042 ## - AUTHENTICATION CODE
Authentication code premarc
050 00 - LIBRARY OF CONGRESS CALL NUMBER
Classification number HC437.M3
Item number H5
110 2# - MAIN ENTRY--CORPORATE NAME
Corporate name or jurisdiction name as entry element Hindustan Chamber of Commerce.
245 10 - TITLE STATEMENT
Title Progressive Madras State,
Remainder of title a saga of integrated development,
Statement of responsibility, etc. edited by G. R. Rao.
260 ## - PUBLICATION, DISTRIBUTION, ETC.
Place of publication, distribution, etc. Madras
Date of publication, distribution, etc. [1967]
300 ## - PHYSICAL DESCRIPTION
Extent 272 p.
Other physical details illus., fold. map,
Dimensions 25 cm.
651 #0 - SUBJECT ADDED ENTRY--GEOGRAPHIC NAME
Geographic name Tamil Nadu (India)
General subdivision Economic conditions.
650 #0 - SUBJECT ADDED ENTRY--TOPICAL TERM
Topical term or geographic name entry element Industries
Geographic subdivision India
-- Tamil Nadu.
700 1# - ADDED ENTRY--PERSONAL NAME
Personal name Rao, G. R.

No items available.

Powered by Koha